000 01642nam a22003015i 4500
001 166308
003 ES-MaACL
005 20260210163214.0
008 991119s1897 sp |||| | spa d
080 _a338.43(460)"18"
245 0 3 _aLa tierra labrantía y el trabajo agrícola en las provincias de Sevilla y Zaragoza :
_b[memorias].
260 _aMadrid :
_b[s.n.],
_c1897 (
_fTipolitografía de Raoul Péant)
300 _a160, 150 p. ;
_c27 cm.
505 8 _aContiene, con port. propia: La tierra labrantía y el trabajo agrícola en la provincia de Sevilla / memoria redactada... Eduardo Noriega y Abascal (160 p.) ; La tierra labrantía y el trabajo agrícola en la provincia de Zaragoza / memoria redactada... Julián Rivera y Casanova (150 p.)
530 _aDisponible en formato digital.
594 _aPrecede al tít.: Dirección General de Agricultura, Industria y Comercio. Cuerpo de Ingenieros Agrónomos
594 _aTit. tomado de la cub. original
650 4 _aAgricultura-
_zEspaña-
_yS.XIX
_99682
700 1 _aNoriega Abascal, Eduardo.
_9176128
700 1 _aRivera y Casanova, Julián.
_9131865
710 1 _aEspaña.
_bDirección General de Agricultura, Industria y Comercio.
_93869
710 2 _aCuerpo de Ingenieros Agrónomos (España)
_9143803
740 3 2 _aLa tierra labrantía y el trabajo agrícola en la provincia de Sevilla.
740 3 2 _aLa tierra labrantía y el trabajo agrícola en la provincia de Zaragoza.
852 4 _aES-MaACL
_jG-6184
_z- Enc. hol.
856 4 _uhttp://bdh-rd.bne.es/viewer.vm?id=0000238560&page=1
_zBiblioteca Digital Hispánica
999 _c166308
_d166308